Учебник по биология (Запис номер 104544)
[ съкратено ]
| 000 -Лидер | |
|---|---|
| Контролно поле с фиксирана дължина | nam a22 a 4500 |
| 003 - Код на организацията, давaща контролен номер | |
| Контролно поле | BLK |
| 005 - Дата и час на последна редакция | |
| Контролно поле | 20220823130838.0 |
| 008 - Елементи от данни с фиксирана дължина | |
| fixed length control field | 180409b bul|||||r ||||||| ||bul|| |
| 010 ## - Наследен системен номер | |
| LC control number | KNG00109650000 |
| 040 ## - Източник на каталожния запис | |
| Идентификатор на билиотеката - собственик на записа | BLK |
| 041 ## - Код за език | |
| Код за езика на текст/звукозапис или на отделно заглавие | Български |
| Код за езика КДБФ | Български |
| 080 ## - УДК | |
| Текстов определител УДК | Биологични науки |
| УДК код - определител по УДК | 57 |
| УДК определител | (075.8) |
| УДК - код + определител | 57(075.8) |
| 100 1# - Редна дума - Автор | |
| Автор | Бошнякова, Пенка Илиева |
| Авторска отговорност | първи автор |
| R(LIN) | 42343 |
| 139 ## - Редно поле | |
| Редна дума | Бошнякова, Пенка Илиева |
| Авторски знак | Уч - У 91 |
| 245 10 - Сведения за заглавието | |
| Заглавие | Учебник по биология |
| Подзаглавни данни | За чуждестранни студенти |
| Редно поле (дума) | Пенка Илиева Бошнякова; * Нели Ангелова Гачева; * Цветанка Славчева Дракалийска; * Пенка Ганчева Йотова; * Недялка Димитрова Такева. |
| 250 ## - Област на изданието | |
| Сведения за изданието | 2. изд. |
| 257 ## - Страна на издаване | |
| Страна на създаване/издаване | България |
| 260 ## - Област на издателските данни | |
| Име на издателя, разпространителя и проч. | Наука и изкуство |
| Година на издаване | 1974 |
| Печатница | Варна : печ. Ст. Добрев Странджата |
| Място на издаване, разпространение и проч. | София |
| 300 ## - Физическа характеристика | |
| Страници | 508 с. |
| Илюстрации и др. | с ил. |
| Размери/Мащаб | 23 см |
| 380 ## - Жанр | |
| Жанр | Естествени науки. Математика |
| 500 ## - Общи забележки | |
| Забележка | Други авт. : Нели Гачева, Цветанка Дракалийска, Пенка Йотова, Недялка Такева. - 2 573 тир. |
| 650 #4 - Допълнително описание по предмет – тема | |
| Основно описание – тема или топоним | Биология - учебници за ВУЗ |
| 9 (RLIN) | 246532 |
| 653 ## - Ключова дума – ненормативна | |
| Ключова дума | биология |
| 653 ## - Ключова дума – ненормативна | |
| Ключова дума | учебници за ВУЗ |
| 653 ## - Ключова дума – ненормативна | |
| Ключова дума | ботаника |
| 653 ## - Ключова дума – ненормативна | |
| Ключова дума | зоология |
| 653 ## - Ключова дума – ненормативна | |
| Ключова дума | анатомия |
| 653 ## - Ключова дума – ненормативна | |
| Ключова дума | физиология |
| 700 1# - Други автори (авторска отговорност) | |
| Лично име | Гачева, Нели Ангелова |
| Автороска отговорност (Описва отношението между автора и произведението) | * |
| 9 (RLIN) | 309948 |
| 700 1# - Други автори (авторска отговорност) | |
| Лично име | Дракалийска, Цветанка Славчева |
| Автороска отговорност (Описва отношението между автора и произведението) | * |
| 9 (RLIN) | 65279 |
| 700 1# - Други автори (авторска отговорност) | |
| Лично име | Йотова, Пенка Ганчева |
| Автороска отговорност (Описва отношението между автора и произведението) | * |
| 9 (RLIN) | 309949 |
| 700 1# - Други автори (авторска отговорност) | |
| Лично име | Такева, Недялка Димитрова |
| Автороска отговорност (Описва отношението между автора и произведението) | * |
| 9 (RLIN) | 309950 |
| 852 ## - Местоположение | |
| Форматна сигнатура | Цб 72510 |
| Фондова буква | Хранилище |
| 856 4# - Електронен адрес и достъп | |
| Електронен формат | pdf - файл |
| 856 4# - Електронен адрес и достъп | |
| Електронен формат | pdf - файл |
| 999 ## - СИСТЕМНИ КОНТРОЛНИ НОМЕРА | |
| Koha biblionumber | 104544 |
| Koha biblioitemnumber | 104544 |
| 942 ## - АРТИКУЛИ | |
| Вид на библиотечния материал | Книги |
| Скрит в OPAC | Не |
| Koha issues (borrowed), all copies | 1 |
| Периодичен библиозапис | Да |
| 944 ## - СЪЗДАВАНЕ И РЕДАКЦИЯ на ЗАПИСА | |
| Създаване/Редакция | Създаване |
| Дата на регистрацията/редакция | 12.12.2003 |
| Служител, извършил регистрацията/редакцията | Людмила_Стоянова |
| 944 ## - СЪЗДАВАНЕ И РЕДАКЦИЯ на ЗАПИСА | |
| Създаване/Редакция | Редакция |
| Дата на регистрацията/редакция | 13.02.2004 |
| 944 ## - СЪЗДАВАНЕ И РЕДАКЦИЯ на ЗАПИСА | |
| Създаване/Редакция | Редакция |
| Дата на регистрацията/редакция | 2022-08-23 |
| 999 ## - СИСТЕМНИ КОНТРОЛНИ НОМЕРА | |
| Koha biblioitemnumber | 104544 |
| Код за отписване | Код за изгубен артикул | Код за повреда | Коз за рестрикции | Код за отдаване | Артикулен № | Име на библиотеката - собственик | Име на библиотеката, в която се намира в момента | Статус (Текущо местоположение) | Дата на вписване в системата | Местоположение - отдел | Цена в лева | Инвентарен номер | Систематично азбучна сигнатура | Баркод | Номер на екземпляра | Цена в евро | Служебна бележка | Служебен тип на артикула | Източник на класификационната схема |
|---|---|---|---|---|---|---|---|---|---|---|---|---|---|---|---|---|---|---|---|
| Изтеглен | Не е изгубен | Не е повреден | без рестрикции | заемане за дома | 168806 | Регионална библиотека "Любен Каравелов" Русе | Регионална библиотека "Любен Каравелов" Русе | Заемна - подръчен фонд | 2003-12-12 | Заемна - подръчен фонд | 5.00 | 120000680949 | П 57(07)/У 91 | 120000680949 | 1 | 2.56 | Дост: DA Вид: А N: 30 Дата: 12.12.2003 Дата инв: 02.02.2018 Бележки инв: П2018 | Книги | |
| Не е изгубен | Не е повреден | без рестрикции | ползва се в читалня | 168807 | Регионална библиотека "Любен Каравелов" Русе | Регионална библиотека "Любен Каравелов" Русе | Хранилище | 1974-01-01 | Хранилище | 2.17 | 168023 | Цб 72510 | 120000168023 | 2 | 1.11 | Дост: Dp Вид: Д N: стар фонд Дата: 01.01.1974 | Книги | Universal Decimal Classification | |
| Изтеглен | Не е изгубен | Не е повреден | без рестрикции | заемане за дома | 168808 | Регионална библиотека "Любен Каравелов" Русе | Регионална библиотека "Любен Каравелов" Русе | Заемна - подръчен фонд | 1974-01-01 | Заемна - подръчен фонд | 2.17 | 170128 | П 57(07)У 91 | 170128 | 3 | 1.11 | Дост: Pk Вид: Ф N: стар фонд Дата: 01.01.1974 | Книги | Universal Decimal Classification |
| Изтеглен | Не е изгубен | Не е повреден | без рестрикции | заемане за дома | 168809 | Регионална библиотека "Любен Каравелов" Русе | Регионална библиотека "Любен Каравелов" Русе | Заемна - подръчен фонд | 1974-01-01 | Заемна - подръчен фонд | 2.17 | 334052 | П 57(07)У 91 | 334052 | 4 | 1.11 | Дост: Pk Вид: Ф N: стар фонд Дата: 01.01.1974 | Книги | Universal Decimal Classification |